000 02443cam a2200469 a 4500
001 111691
005 20230410103901.0
008 100223s2010 nyu 001 0deng
035 _a16101179
925 0 _aacquire
_b2 shelf copies
_xpolicy default
_eclaim1 2011-01-19
942 _2lcc
_cbk
010 _a 2010005547
020 _a9781439154151
020 _a1439154155
020 _a9781439163290 (e-book)
020 _a1439163294 (e-book)
035 _a(OCoLC)ocn464593387
040 _aDLC
_cDLC
_dBTCTA
_dYDXCP
_dC#P
_dCDX
_dAP#
_dDLC
043 _aa-is---
_an-us---
050 1 4 _a416 DS 119.76
_bL663h 2010
082 0 0 _a956.05/4
100 1 _aLevey, Gregory.
245 1 0 _aHow to make peace in the Middle East in six months or less without leaving your apartment /
_cGregory Levey.
250 _a1st Free Press hardcover ed.
260 _aNew York :
_bFree Press,
_cc2010.
300 _axiv, 270 p. ;
_c24 cm.
500 _aIncludes index.
505 0 _aMy struggles with dementia -- Neither left nor right, I'm just staying home tonight -- The Israel lobby and the perfect avocado -- What happened in Romania -- A very dangerous suburban dad -- "I should believe that you don't surprising" -- Give me a child for his first seven years -- i am not proud of my behavior -- People with nothing better to do -- Nice Jewish boys with guns -- With all due respect, you must be on crack -- Making peace.
520 _aDrawing on his wealth of contacts as a journalist, as well as everyday Palestinians and Jews, a former speechwriter for Israeli Prime MInisters Ariel Sharon and Ehud Olmert attempts to find out why the Middle East problem refuses to be resolved and why so many people outside the Middle East think they have the answer.
650 0 _aArab-Israeli conflict
_y1993-
_xPeace.
651 0 _aUnited States
_xRelations
_zIsrael.
651 0 _aIsrael
_xRelations
_zUnited States.
600 1 0 _aLevey, Gregory.
650 0 _aJews
_zUnited States
_vBiography.
650 4 _aConflicto árabe-israelí, 1993
_xPaz.
651 4 _aIsrael
_xRelaciones
_zEstados Unidos.
651 4 _aEstados Unidos
_xRelaciones
_zIsrael
650 4 _aJudíos
_zEstados Unidos
_vBiografías.
856 4 2 _3Contributor biographical information
_uhttp://catdir.loc.gov/catdir/enhancements/fy1006/2010005547-b.html
856 4 2 _3Publisher description
_uhttp://catdir.loc.gov/catdir/enhancements/fy1006/2010005547-d.html
946 _aYSL
999 _c27712
_d27712